000 00717nam a2200265Ia 4500
005 20260324153414.0
008 008 260324s9999 xx 000 0 eng d
020 _a9780323917704
037 _aEBOOK
040 _aCRL
040 _beng
040 _cCRL
041 _2eng
041 _aeng
084 _qCRL
100 _aMostafa Barzegar Gerdroodbary
_9902443
245 0 _aAerodynamic Heating in Supersonic and Hypersonic Flows: Advanced Techniques for Drag and Aero-heating Reduction
260 _bElsevier
260 _c2023
650 _aEngineering
856 _uhttps://www.sciencedirect.com/science/book/9780323917704
942 _cEBOOK
999 _c1842795
_d1842795